000
00211 a2200097 4500
001
15346
100
_a
Owen Roderic
245
_a
The desert air force
260
_a
London
_b
Hutchinson
_c
090
_c
11977
_d
11977
942
_a
NUST-CAE
_c
M
_c
2199
999
_c
250419
_d
250419